Figure Out The Lyrics (Wicked) Quiz Stats

Quiz Updated Sep 29, 2013

Challenge
Share
Tweet
Embed
Score 0/286 Timer 10:00
0 Plays Today
% Correct
I
96.7%
I
96.7%
I
96.7%
I
96.7%
I
96.7%
I
96.7%
I
96.3%
I
96.3%
I
96.3%
I
96.3%
I
96.3%
I
96.3%
I
96.3%
I
96.3%
I
96.3%
a
94.3%
a
94.3%
a
94.3%
a
94.3%
a
94.3%
a
94.3%
a
94.3%
a
94.3%
a
94.3%
a
94.3%
a
94.3%
the
93.2%
the
93.2%
the
93.2%
the
93.2%
the
92.6%
the
92.6%
and
88.7%
and
88.7%
And
88.7%
you
88.4%
you
88.3%
you,
88.3%
you
88.3%
you
88.3%
you
88.3%
you...
88.3%
you...
87.6%
you
87.6%
you
87.6%
you
87.6%
And
87.3%
and
87.3%
And
87.3%
(repeat
87.3%
refrain)
87.3%
me
83.9%
me,
83.9%
me
83.5%
me
83.5%
me
83.5%
be
82.4%
be
82.4%
to
81.3%
to
81.3%
to
81.3%
to
81.3%
to
81.3%
to
80.5%
to
80.5%
for
80.3%
for
80.3%
for.
80.3%
for
80.3%
for
80.2%
for
80.2%
for
80.2%
for
80.2%
we
80%
it's
80%
it's
80%
it
79.9%
we
79.4%
we
79.4%
we
79.4%
we
79.4%
we
79.4%
we
79.4%
it
79.3%
it
79.3%
It
79.3%
can
78.7%
in
78%
in
78%
in
78%
can
77.7%
can
77.7%
so
76.4%
So
76.4%
So
76.4%
do,
75.8%
% Correct
do
75.8%
that
74.7%
that
74.7%
that
74.7%
good.
74.5%
if
74.1%
if
74.1%
if
74.1%
if
74.1%
have
73.8%
have
73.6%
have
73.6%
good.
73.5%
on
72.7%
is
72.6%
of
72.4%
of
72.4%
who
72%
who
72%
Who
72%
Who
72%
of
71.5%
of
71.5%
been
69.6%
what
69.6%
been
69.6%
been
69.6%
been
69.4%
know
69.2%
know
69.1%
know
69.1%
know
69.1%
as
69%
but
68.3%
Like
68.3%
like
68.3%
But
68.3%
like
68.3%
Like
68.3%
Like
68.3%
But
68.2%
But
68.2%
I've
67.7%
I've
67.7%
I've
67.7%
because
67.4%
because
67.4%
I'm
67.4%
say
67.3%
say
67.3%
say
67.3%
are
67.3%
changed
67.2%
changed
67.2%
changed
67.2%
I'm
67.1%
I'm
67.1%
I've
67%
because
67%
Because
66.9%
from
66.7%
from
66.7%
from
66.7%
am
66.7%
knew
66.4%
knew
66.3%
changed
66.3%
knew
65.8%
knew
65.7%
better?
65.4%
better?
65.4%
come
65.3%
us
65.2%
us
65%
our
65%
our
65%
this
64.9%
my
64.5%
my
64.5%
just
64%
just
64%
Just
64%
will
63.9%
now
63.8%
Now
63.8%
up
63.3%
up
63.2%
all
62.9%
now
62.6%
couldn't
62%
at
61.9%
at
62%
don't
61.9%
said
61.6%
them
61%
them
61%
% Correct
something
60.6%
let
60.6%
let
60.6%
with
60.6%
people
60.6%
into
60.6%
heard
59.9%
look
59.9%
look
59.9%
its
59.7%
lives
59.5%
reason
58.8%
never
58.3%
through
58.2%
by
58%
By
58%
by
58%
learn
57.9%
meet
57.5%
Well,
57.5%
well
57.5%
may
56.7%
believe
56.6%
then
56.5%
must
56.4%
help
56.1%
help
56.1%
wood
56%
wood
56%
orbit
55.9%
sun
55.6%
passes
55.2%
comet
55.2%
today
55.2%
true
54.6%
again
54.6%
those
54.4%
pulled
54.2%
that's
54.2%
friend
54.1%
ship
54%
heart
53.9%
much
53.6%
halfway
53.4%
return.
53.3%
before
53.3%
mine
53.3%
part
53.2%
Glinda
53.1%
grow
52.9%
lifetime
52.8%
most
52.7%
boulder
52.5%
things
52.3%
stream
52.2%
learned
52.1%
sea
51.8%
way
51.5%
both
51.5%
done
51.5%
bringing
51.2%
meets
51.1%
being
50.7%
you'll
50.6%
handprint
50.2%
ask
50.1%
limited.
50%
limited.
50%
made
49.8%
wind
49.6%
blame
49.6%
blame
49.6%
end
49.5%
air
48.8%
clear
48.7%
none
48.6%
forgiveness
48.3%
off
48.3%
there's
48.2%
distant
47.8%
share
47.7%
anymore!
47.5%
matter
47.4%
stories
47.2%
rewritten
47.1%
whatever
47.1%
seems
47%
mooring
45.6%
skybird
45.2%
led
45%
guess
44.7%
dropped
43.4%
blown
42.6%
seed
41.6%

You're not logged in!

Compare scores with friends on all Sporcle quizzes.
Sign Up with Email
OR
Log In

You Might Also Like...

Show Comments

Extras

Top Quizzes Today


Score Distribution

Your Account Isn't Verified!

In order to create a playlist on Sporcle, you need to verify the email address you used during registration. Go to your Sporcle Settings to finish the process.